| 000 | 00910nam a2200277Ia 4500 | ||
|---|---|---|---|
| 003 | OSt | ||
| 005 | 20221005074439.0 | ||
| 006 | a|||||r|||| 00| 0 | ||
| 007 | ta | ||
| 008 | 221004b |||||||| |||| 00| 0 eng d | ||
| 020 |
_a9781403924056 (hbk) _c375 |
||
| 024 | _a88922 | ||
| 037 |
_b007, 28/11/2007, Macmillan India Ltd _cTextual |
||
| 040 |
_aCRL _cCRL _beng |
||
| 041 |
_2eng _aeng |
||
| 082 | _aO111944(Y15):g, P7 | ||
| 100 | _aMalashri Lal Ed. | ||
| 245 | 0 |
_aSignifying the self _b women and literature |
|
| 260 |
_aNew Delhi _bMacmillan India Ltd India _c2007 |
||
| 300 |
_ax,279p. _ccm. |
||
| 650 | _aENGLISH LITERATURE | ||
| 700 | _a Panja Shormishtha Ed. | ||
| 700 | _a Satpathy Sumanyu Ed. | ||
| 942 |
_hO111944(Y15):g, P7 _cTEXL _2cc |
||
| 999 |
_c982723 _d982723 |
||